VECTOR CONTROL (Record no. 1160)

MARC details
000 -LEADER
fixed length control field 00316nam a2200133Ia 4500
008 - FIXED-LENGTH DATA ELEMENTS--GENERAL INFORMATION
fixed length control field 150201s1999 xx 000 0 und d
082 ## - DEWEY DECIMAL CLASSIFICATION NUMBER
Classification number 610.6
Item number V99W
100 ## - MAIN ENTRY--PERSONAL NAME
Personal name WHO
245 ## - TITLE STATEMENT
Title VECTOR CONTROL
250 ## - EDITION STATEMENT
Edition statement 1ST
260 ## - PUBLICATION, DISTRIBUTION, ETC. (IMPRINT)
Name of publisher, distributor, etc. AITBS
Place of publication, distribution, etc. DELHI
Date of publication, distribution, etc. 1999
650 ## - SUBJECT ADDED ENTRY--TOPICAL TERM
Topical term or geographic name as entry element OTHER CLINICAL & NON CLINICAL BOOKS
942 ## - ADDED ENTRY ELEMENTS (KOHA)
Source of classification or shelving scheme Dewey Decimal Classification
Koha item type Books
Holdings
Withdrawn status Lost status Source of classification or shelving scheme Damaged status Not for loan Collection code Home library Current library Shelving location Date acquired Source of acquisition Cost, normal purchase price SGTU Bill Number Total Checkouts Full call number Barcode Date last seen Bill Date Koha item type
    Dewey Decimal Classification     MEDICAL SGT Medical Library SGT Medical Library Text Book 21/12/2010 U.B.S. DELHI 150.00 SGTU 726   610.6 V99W FM4508 09/02/2015 21/12/2010 Books
    Dewey Decimal Classification     MEDICAL SGT Medical Library SGT Medical Library Text Book 21/12/2010 U.B.S. DELHI 150.00 SGTU 726   611.6 V99W FM4509 09/02/2015 21/12/2010 Books
    Dewey Decimal Classification     MEDICAL SGT Medical Library SGT Medical Library Text Book 21/12/2010 U.B.S. DELHI 150.00 SGTU 726   610.07 V99W FM4520 09/02/2015 21/12/2010 Books
    Dewey Decimal Classification     MEDICAL SGT Medical Library SGT Medical Library Text Book 21/12/2010 U.B.S. DELHI 150.00 SGTU 726   611.07 V99W FM4521 09/02/2015 21/12/2010 Books